000 00581nam a2200193 i 4500
001 99197
003 ES-MaACL
005 20251018063057.0
007 t|
008 050902s1969 sp |||| | spa d
100 1 _aMartín Abril, Francisco Javier,
_d1908-
_977381
245 1 3 _aLa pequeña palabra /
_cFrancisco Javier Martín Abril.
260 _aMadrid :
_bLa Muralla,
_c1969.
300 _a236 p. ;
_c18 cm.
490 1 _aCuadernos de la familia ;
_v8
830 0 _aCuadernos de la familia ;
_v8
_9182322
852 _aES-MaACL
_jC-36490
999 _c99197
_d99197